[Event "1st Sharjah Masters 2017"]
[Site "Sharjah UAE"]
[Date "2017.03.23"]
[Round "1.1"]
[White "Neverov, Valeriy"]
[Black "Wojtaszek, Radoslaw"]
[Result "1/2-1/2"]
[WhiteTitle "GM"]
[BlackTitle "GM"]
[WhiteElo "2477"]
[BlackElo "2745"]
[WhiteFideId "14100150"]
[BlackFideId "1118358"]
[EventDate "2017.03.23"]

1. d4 Nf6 2. Nf3 d5 3. c4 e6 4. Nc3 Nbd7 5. cxd5 exd5 6. Bg5 Bb4 7. Bxf6 Qxf6 8.
a3 Bxc3+ 9. bxc3 O-O 10. e3 c5 11. Bd3 Qd6 12. Qb1 Nf6 13. dxc5 Qxc5 14. Qb4 Qc7
15. O-O Bd7 16. a4 Rfc8 17. Rfc1 a5 18. Qd4 Qc5 19. Ne5 Qxd4 20. exd4 Be8 21. f3
Rc7 22. Kf2 Nd7 23. Nxd7 Bxd7 24. Ke3 Kf8 25. Kd2 h5 26. h4 Rac8 27. Ra3 Ke7 28.
Re1+ Kd6 29. Re5 g6 30. Re1 Re8 31. Rxe8 Bxe8 32. Ra1 f6 33. Bc2 Rg7 34. Re1 Bd7
35. Rb1 g5 36. hxg5 Rxg5 37. Rg1 h4 38. Ke3 Rg8 39. Bb3 b5 40. axb5 Bxb5 41. Ra1
a4 42. Bc2 a3 43. Rxa3 Rxg2 44. Bf5 Bc4 45. Ra8 Rg1 46. Rd8+ Ke7 47. Rd7+ Ke8
48. Rh7 Rc1 49. Rxh4 Rxc3+ 50. Kf4 Be2 51. Bg4 Rd3 52. Rh8+ Ke7 53. Rh7+ Ke8 54.
Rh8+ Ke7 1/2-1/2

[Event "1st Sharjah Masters 2017"]
[Site "Sharjah UAE"]
[Date "2017.03.23"]
[Round "1.4"]
[White "Naiditsch, Arkadij"]
[Black "Praggnanandhaa, R"]
[Result "1/2-1/2"]
[WhiteTitle "GM"]
[BlackTitle "IM"]
[WhiteElo "2702"]
[BlackElo "2455"]
[WhiteFideId "4650891"]
[BlackFideId "25059530"]
[EventDate "2017.03.23"]

1. e4 e5 2. Nf3 Nc6 3. Nc3 Nf6 4. Bb5 Bd6 5. d3 a6 6. Ba4 O-O 7. a3 b5 8. Bb3
Bc5 9. h3 Bb7 10. O-O h6 11. Be3 Nd4 12. Nxe5 Nxb3 13. cxb3 Bxe3 14. fxe3 d5 15.
exd5 Nxd5 16. Qd2 Qe7 17. d4 c5 18. Rae1 Rad8 19. Nd3 Nf6 20. b4 cxd4 21. exd4
Qd6 22. Nc5 Bc6 23. Rf2 Rfe8 24. Rxe8+ Rxe8 25. Qf4 Re1+ 26. Kh2 Qe7 27. Nd3 Re6
28. Qb8+ Kh7 29. Ne5 Nd7 30. Nxc6 Rxc6 31. Qg3 Re6 32. Nd5 Qf8 33. Ne3 Nf6 34.
d5 Re8 35. Rf5 Ne4 36. Qf4 f6 37. Ng4 Qd6 38. Qxd6 Nxd6 39. Rf3 f5 40. Nf2 Re5
41. Rd3 Kg6 42. h4 f4 43. Rf3 Rxd5 44. Nd3 Kh7 45. Nxf4 Rd2 46. Rd3 Rxd3 47.
Nxd3 Nc4 48. Kg3 Kg6 49. Kf4 Kh5 50. g3 g5+ 51. hxg5 hxg5+ 52. Kf3 Nd2+ 53. Kg2
Nc4 54. Kh3 g4+ 55. Kg2 Kg5 56. Kf2 Kf5 57. Ke2 Ke4 58. Nf2+ Kd4 59. Nxg4 Nxb2
60. Ne3 Nd3 61. Kd2 Ne5 62. g4 Ke4 63. Ke2 Kf4 64. Kd2 Ke4 65. Ke2 Kf4 66. Nc2
Nxg4 67. Kd3 Ke5 1/2-1/2

[Event "1st Sharjah Masters 2017"]
[Site "Sharjah UAE"]
[Date "2017.03.23"]
[Round "1.29"]
[White "Lazarev, Vladimir"]
[Black "Lalith, Babu M R"]
[Result "0-1"]
[WhiteTitle "GM"]
[BlackTitle "GM"]
[WhiteElo "2376"]
[BlackElo "2593"]
[WhiteFideId "4113250"]
[BlackFideId "5024595"]
[EventDate "2017.03.23"]

1. d4 Nf6 2. c4 e6 3. Nc3 Bb4 4. Qc2 d5 5. a3 Bxc3+ 6. Qxc3 O-O 7. Nf3 dxc4 8.
Qxc4 b6 9. Bg5 Ba6 10. Qa4 Bb7 11. e3 Nbd7 12. Be2 c5 13. O-O cxd4 14. Qxd4 h6
15. Bh4 Nc5 16. Rad1 Qxd4 17. Rxd4 g5 18. Bg3 Rfc8 19. Rfd1 Nce4 20. Bd3 Nxg3
21. hxg3 Rc5 22. Rc4 Rxc4 23. Bxc4 Rc8 24. Bd3 Be4 25. Bxe4 Nxe4 26. Ne1 Kf8 27.
g4 Ke7 28. Kf1 Nf6 29. f3 h5 30. gxh5 Nxh5 31. g4 Nf6 32. Ke2 Nd5 33. Nd3 f5 34.
Nf2 Nf6 35. e4 fxe4 36. fxe4 Rc2+ 37. Rd2 Rc4 38. Kd3 Rc1 39. Ke2 Rg1 40. Kf3
Nd7 41. Nd3 Kf6 42. Rf2 Ke7 43. e5 Rh1 44. Rg2 Rf1+ 45. Ke3 Rh1 46. Kf3 a5 47.
Ke3 Nc5 48. Nxc5 bxc5 49. Kd3 Re1 50. Re2 c4+ 51. Kd2 Rxe2+ 52. Kxe2 Kd7 53. Ke3
Kc6 54. Ke4 Kc5 55. a4 c3 56. bxc3 Kc4 57. Ke3 Kxc3 58. Ke4 Kc4 59. Ke3 Kd5 0-1

[Event "1st Sharjah Masters 2017"]
[Site "Sharjah UAE"]
[Date "2017.03.23"]
[Round "1.31"]
[White "Roy, Prantik"]
[Black "Gledura, Benjamin"]
[Result "0-1"]
[WhiteTitle "IM"]
[BlackTitle "GM"]
[WhiteElo "2372"]
[BlackElo "2588"]
[WhiteFideId "5035120"]
[BlackFideId "712779"]
[EventDate "2017.03.23"]

1. Nf3 Nf6 2. c4 g6 3. g3 Bg7 4. Bg2 O-O 5. O-O d6 6. Nc3 e5 7. d4 Nbd7 8. e4 c6
9. Re1 exd4 10. Nxd4 Ng4 11. h3 Qb6 12. Nce2 Nge5 13. b3 Nc5 14. Be3 Re8 15. Nc3
a5 16. Qd2 a4 17. Rab1 axb3 18. axb3 Ra3 19. f4 Ned3 20. Red1 Qa5 21. Nde2 f5
22. exf5 Bxf5 23. g4 Bxc3 24. Nxc3 Nxb3 25. Rxb3 Rxb3 26. Ne4 Qxd2 27. Nxd2 Ra3
28. Nb1 Rxe3 29. Nxa3 Nxf4 30. gxf5 Rxa3 31. Bf1 d5 32. fxg6 hxg6 33. cxd5 Nxd5
34. Bc4 Rxh3 35. Bxd5+ cxd5 36. Rxd5 Rb3 37. Rd7 Rb2 38. Kf1 Kf8 39. Ke1 Ke8 40.
Rg7 Rb6 41. Kd2 Kd8 42. Kc3 Kc8 43. Kc4 Kb8 44. Kc5 Ka7 45. Rg8 Rc6+ 46. Kb5 Rf6
47. Re8 Rf5+ 48. Kb4 g5 49. Re6 b6 50. Re8 Ka6 51. Ra8+ Kb7 52. Rg8 Kc6 53. Rg6+
Kd5 54. Rxb6 Ke4 55. Kc3 Rd5 0-1

[Event "1st Sharjah Masters 2017"]
[Site "Sharjah UAE"]
[Date "2017.03.24"]
[Round "2.13"]
[White "Vignesh, N R"]
[Black "Svane, Rasmus"]
[Result "1/2-1/2"]
[WhiteTitle "IM"]
[BlackTitle "GM"]
[WhiteElo "2405"]
[BlackElo "2570"]
[WhiteFideId "25012215"]
[BlackFideId "4657101"]
[EventDate "2017.03.23"]

1. e4 c6 2. d4 d5 3. Nc3 dxe4 4. Nxe4 Bf5 5. Ng3 Bg6 6. h4 h6 7. Nf3 e6 8. h5
Bh7 9. Bd3 Bxd3 10. Qxd3 Nf6 11. Bd2 Nbd7 12. O-O-O Be7 13. Ne4 Nxe4 14. Qxe4
Nf6 15. Qd3 c5 16. Qb5+ Qd7 17. Qxd7+ Nxd7 18. Be3 cxd4 19. Bxd4 Bf6 20. Be3 a6
21. Nd2 O-O-O 22. Ne4 Be7 23. Bd4 Nf6 24. Nxf6 Bxf6 25. Bxf6 gxf6 26. Rh4 Rxd1+
27. Kxd1 Rg8 28. g3 Kd7 29. Rf4 f5 30. Ke2 Rg5 31. Rd4+ Kc7 32. Rc4+ Kd7 33.
Rd4+ Kc7 34. Rh4 Kd6 35. Kf3 Kc5 36. a4 b5 37. Ke3 e5 38. axb5 axb5 39. Rh1 Rg4
40. Ra1 Kd5 1/2-1/2

[Event "1st Sharjah Masters 2017"]
[Site "Sharjah UAE"]
[Date "2017.03.24"]
[Round "2.35"]
[White "Stany, G.A."]
[Black "Sankalp, Gupta"]
[Result "1-0"]
[WhiteTitle "IM"]
[WhiteElo "2495"]
[BlackElo "2265"]
[WhiteFideId "5029104"]
[BlackFideId "5097010"]
[EventDate "2017.03.23"]

1. e4 e6 2. d4 d5 3. Nd2 Be7 4. e5 c5 5. c3 Nc6 6. Bd3 Qb6 7. Ndf3 cxd4 8. cxd4
f5 9. Ne2 Nh6 10. O-O Nf7 11. h4 Bd7 12. a3 O-O 13. b4 Rac8 14. Rb1 Qd8 15. g3
Qe8 16. Kg2 a6 17. Nf4 Nfd8 18. Bc2 Na7 19. a4 Rc4 20. Bd2 Nac6 21. Bd3 Nxd4 22.
Bxc4 Nxf3 23. Nxd5 Nxe5 24. Nxe7+ Qxe7 25. Be2 Ndf7 26. b5 Rd8 27. Ba5 Bc6+ 28.
bxc6 Rxd1 29. cxb7 Rxb1 30. Rxb1 Nc6 31. b8=Q+ Nxb8 32. Rxb8+ Nd8 33. Rxd8+ Kf7
34. Bxa6 Qa7 35. Rd6 Qc5 36. Rd7+ Kg6 37. Bb5 f4 38. Bd2 fxg3 39. fxg3 e5 40.
Bg5 e4 41. Rd2 h6 42. Bf4 Kh7 43. Re2 Qd5 44. Be3 g5 45. hxg5 hxg5 46. Rd2 Qb3
47. Re2 Qd5 48. Rb2 Qe5 49. Rc2 Qf5 50. Be2 Qd5 51. Rc7+ Kg6 52. Ra7 Qa2 53. Kf2
Qb2 54. Ra6+ Kf5 55. Ra5+ Ke6 56. Rxg5 Qf6+ 57. Kg2 Qb2 58. Kf2 Qf6+ 59. Bf4
Qd4+ 60. Kg2 Qxa4 61. Bg4+ Kf6 62. Rf5+ Kg6 63. Re5 Kf6 64. Re6+ Kf7 65. Bf5
Qc2+ 66. Kh3 Qd1 67. Kh4 Qd8+ 68. Bg5 Qh8+ 69. Kg4 Qd4 70. Re7+ Kf8 71. Kh5 Qh8+
72. Rh7 Qe5 73. Kg6 Qd6+ 74. Kh5 Qxg3 75. Rd7 Ke8 76. Kg6 Qb8 77. Re7+ 1-0

[Event "1st Sharjah Masters 2017"]
[Site "Sharjah UAE"]
[Date "2017.03.25"]
[Round "3.7"]
[White "Kryvoruchko, Yuriy"]
[Black "Vishnu Prasanna, V"]
[Result "1-0"]
[WhiteTitle "GM"]
[BlackTitle "GM"]
[WhiteElo "2708"]
[BlackElo "2534"]
[WhiteFideId "14109182"]
[BlackFideId "5030692"]
[EventDate "2017.03.23"]

1. e4 c5 2. Nf3 d6 3. Bb5+ Nd7 4. c3 Nf6 5. Qe2 a6 6. Ba4 e5 7. O-O Be7 8. d4 b5
9. Bc2 O-O 10. d5 c4 11. b4 cxb3 12. axb3 Qc7 13. Bd2 Nh5 14. c4 bxc4 15. Qxc4
Qd8 16. Ba5 Qe8 17. Nbd2 f5 18. exf5 Bb7 19. Rfc1 Ndf6 20. Qa4 Nf4 21. Qxe8
Rfxe8 22. Kf1 Bxd5 23. g3 Nh3 24. Re1 Ng4 25. Bb6 Rac8 26. Bd3 Rc6 27. Rxa6 Rb8
28. Ra4 h5 29. Ba7 Bxf3 30. Nxf3 Rxb3 31. Be4 Rxf3 32. Bxc6 Rxf5 33. Bd5+ Kh8
34. Be6 Rf8 35. Bxg4 hxg4 36. Rxg4 Ng5 37. Kg2 Kg8 38. Rb4 Rc8 39. Rb7 Bf8 40.
Be3 Ne4 41. Rc1 Ra8 42. Rcc7 d5 43. Ra7 Rb8 44. Bc1 d4 45. Ba3 Bxa3 46. Rxa3 Rb2
47. Rf3 Nf6 48. Re7 e4 49. Rxf6 gxf6 50. Rxe4 Rd2 51. Kf1 d3 52. Kg2 Kf7 53. Kf3
Rb2 54. Rd4 d2 55. Ke3 Kg6 56. Rxd2 Rb3+ 57. Rd3 Rb2 58. Kf3 f5 59. h4 1-0

[Event "1st Sharjah Masters 2017"]
[Site "Sharjah UAE"]
[Date "2017.03.25"]
[Round "3.24"]
[White "Salem, A.R. Saleh"]
[Black "Praggnanandhaa, R"]
[Result "1/2-1/2"]
[WhiteTitle "GM"]
[BlackTitle "IM"]
[WhiteElo "2652"]
[BlackElo "2455"]
[WhiteFideId "9301348"]
[BlackFideId "25059530"]
[EventDate "2017.03.23"]

1. Nf3 Nf6 2. c4 e6 3. d4 d5 4. Nc3 Be7 5. Bg5 h6 6. Bh4 O-O 7. e3 b6 8. Be2 Bb7
9. Bxf6 Bxf6 10. cxd5 exd5 11. b4 c6 12. O-O Qd6 13. Qb3 Nd7 14. Rfd1 a5 15. b5
c5 16. Rac1 Rfd8 17. Qb1 Rac8 18. h3 Qe7 19. dxc5 Nxc5 20. Bf1 Rc7 21. Ne2 Rdc8
22. Nfd4 Qe4 23. g3 Qe5 24. Bg2 Ne4 25. Rxc7 Rxc7 26. Qd3 g6 27. Nf4 Rc3 28. Qe2
Rc7 29. Qd3 Rc3 30. Qf1 Rc7 31. Nc6 Bxc6 32. bxc6 Nc3 33. Nxd5 Rxc6 34. Nxf6+
Rxf6 35. Rd8+ Kg7 36. a3 b5 37. Qd3 b4 38. axb4 axb4 39. Rd7 Qf5 40. Qxf5 Rxf5
41. Bf1 b3 42. Rb7 Ne4 43. Rxb3 Nxf2 44. g4 Rf6 45. Bg2 Nd1 46. Bd5 Rf2 47. Rd3
Nb2 48. Rd4 Rc2 49. Kf1 Kf6 50. Rf4+ Ke5 51. Bb3 Rh2 52. Rxf7 Nd3 53. Bc4 Nc5
54. Rc7 Kd6 55. Rg7 Rxh3 56. Rxg6+ Ke7 57. Rc6 Nd7 58. Re6+ Kf8 59. Kg2 Rh4 60.
Kg3 Rh1 61. Bd5 Re1 62. Kf2 Rd1 63. Bf3 Rd2+ 64. Kg3 Kg7 65. Kf4 Nf8 66. Ra6
Ng6+ 67. Kg3 Ne5 68. Be4 Nc4 69. Rg6+ Kf7 70. Rxh6 Nxe3 71. Kf4 Nd5+ 72. Ke5 Ne3
73. Kf4 Nd5+ 74. Kg5 Rd4 75. Bf5 Ne3 76. Rf6+ Kg7 77. Be6 Re4 78. Rf7+ Kg8 79.
Rf6+ Kg7 80. Rg6+ Kh7 81. Kh5 Re5+ 82. g5 Ng2 83. Rh6+ Kg7 84. Kg4 Ra5 85. Rf6
Ra4+ 86. Kg3 Ne3 87. Kf3 Nc2 88. Bd5 Nd4+ 89. Kf4 Ne6+ 90. Kf5 Nd4+ 91. Ke5 Ne2
92. Rc6 Rg4 93. Rc7+ Kg6 94. Be4+ Kxg5 95. Bf3 Rg3 96. Rf7 Kg6 97. Rf6+ Kg7 98.
Rf5 Kg6 99. Bh5+ Kh6 100. Bxe2 Re3+ 101. Kf6 Rxe2 1/2-1/2

[Event "1st Sharjah Masters 2017"]
[Site "Sharjah UAE"]
[Date "2017.03.26"]
[Round "4.28"]
[White "Vantika, Agrawal"]
[Black "Santos Latasa, Jaime"]
[Result "1/2-1/2"]
[BlackTitle "IM"]
[WhiteElo "2130"]
[BlackElo "2565"]
[WhiteFideId "25050389"]
[BlackFideId "2293307"]
[EventDate "2017.03.23"]

1. d4 Nf6 2. Nf3 e6 3. c4 d5 4. g3 Bb4+ 5. Bd2 Bd6 6. Bg2 O-O 7. O-O Nbd7 8. Qc2
c6 9. Rd1 Qe7 10. Bg5 h6 11. Bxf6 Nxf6 12. Nbd2 b6 13. e4 dxe4 14. Nxe4 Nd7 15.
c5 Bc7 16. cxb6 Bxb6 17. Ne5 Nxe5 18. dxe5 Bd7 19. Rd3 Rad8 20. Rad1 Bc8 21. Nd6
Ba6 22. Ra3 Bb5 23. Rf3 Bc7 24. a4 Ba6 25. Rc3 Bxd6 26. exd6 Rxd6 27. Rxd6 Qxd6
28. Rxc6 Qd3 29. Qxd3 Bxd3 30. b4 e5 31. b5 e4 32. Rc7 f5 33. Bf1 Ra8 34. Bxd3
exd3 35. Rd7 Rc8 36. Rxd3 Rc1+ 37. Kg2 Ra1 38. Rd4 Kf8 39. Kf3 Ke7 40. Rc4 Kd7
41. Kf4 Ra2 42. f3 Rxh2 43. Rc6 a5 44. Ra6 Rf2 45. Rxa5 g5+ 46. Kxf5 Rxf3+ 47.
Kg4 Rb3 48. Ra6 h5+ 49. Kxg5 Rxg3+ 50. Kxh5 Kc7 51. Rc6+ Kb7 52. Rc4 Kb6 53. Rg4
Rh3+ 54. Kg5 Ka5 55. Kf5 Rh5+ 56. Kg6 Rh1 57. Rc4 Rf1 58. Kg5 Rf2 59. Rf4 Rh2
60. Kg4 Rh1 61. Kf3 Rh3+ 62. Kg2 Rc3 63. Rd4 Rb3 64. Kf2 Rh3 65. Ke2 Rg3 66. Kd2
Rh3 67. Kc2 Rg3 68. Kb2 Rh3 69. Rc4 Rg3 70. Rc3 Rg4 71. Rb3 1/2-1/2

[Event "1st Sharjah Masters 2017"]
[Site "Sharjah UAE"]
[Date "2017.03.27"]
[Round "5.7"]
[White "Svane, Rasmus"]
[Black "Oleksiyenko, Mykhaylo"]
[Result "1-0"]
[WhiteTitle "GM"]
[BlackTitle "GM"]
[WhiteElo "2570"]
[BlackElo "2643"]
[WhiteFideId "4657101"]
[BlackFideId "4152417"]
[EventDate "2017.03.23"]

1. d4 d5 2. c4 c6 3. Nc3 Nf6 4. e3 g6 5. Nf3 Bg7 6. Be2 O-O 7. O-O dxc4 8. Bxc4
Bg4 9. h3 Bxf3 10. Qxf3 Nbd7 11. Rd1 e5 12. d5 e4 13. Nxe4 Nxe4 14. Qxe4 Nb6 15.
Qc2 cxd5 16. Be2 Rc8 17. Qb3 Qc7 18. Bg4 Rcd8 19. Bd2 Nc4 20. Bc3 Na5 21. Qc2 d4
22. exd4 Bxd4 23. Rac1 Bxc3 24. Qxc3 Qxc3 25. Rxc3 Nc6 26. Kf1 Rxd1+ 27. Bxd1
Rd8 28. Bf3 Rd2 29. Rb3 Rd7 30. Bxc6 bxc6 31. Ke2 Kf8 32. Rc3 Rb7 33. b3 Rb6 34.
Kd3 Ke7 35. Kc4 Rb5 36. Re3+ Kd6 37. Rd3+ Kc7 38. Rf3 f5 39. Re3 Kd6 40. Rd3+
Kc7 41. f4 Rb8 42. Re3 Kd6 43. b4 Rf8 44. a4 Rg8 45. Rd3+ Kc7 46. Kc5 Re8 47.
Rd6 Re2 48. Rxc6+ Kb7 49. Rf6 Rxg2 50. Rf7+ Kb8 51. Rxh7 g5 52. fxg5 Rxg5 53. h4
Rg6 54. Kd5 Rg4 55. h5 Rxb4 56. Rf7 Rh4 57. Rxf5 Rxa4 58. Ke6 Kc7 59. Kf7 Rh4
60. Kg7 Kd6 61. h6 Rg4+ 62. Kf7 Rh4 63. Kg7 Rg4+ 64. Kf7 Rh4 65. Kg6 Ke6 66. Rg5
a5 67. h7 1-0

[Event "1st Sharjah Masters 2017"]
[Site "Sharjah UAE"]
[Date "2017.03.27"]
[Round "5.8"]
[White "Wojtaszek, Radoslaw"]
[Black "Sunilduth Lyna, Narayanan"]
[Result "1/2-1/2"]
[WhiteTitle "GM"]
[BlackTitle "GM"]
[WhiteElo "2745"]
[BlackElo "2526"]
[WhiteFideId "1118358"]
[BlackFideId "5058422"]
[EventDate "2017.03.23"]

1. d4 Nf6 2. c4 g6 3. Nc3 d5 4. cxd5 Nxd5 5. Bd2 Bg7 6. e4 Nxc3 7. Bxc3 O-O 8.
Qd2 Nc6 9. Nf3 Bg4 10. d5 Bxf3 11. Bxg7 Kxg7 12. gxf3 Ne5 13. O-O-O c6 14. Qc3
f6 15. Bh3 Qd6 16. dxc6 Qxc6 17. Qxc6 Nxc6 18. Rd7 Rac8 19. Kb1 Rb8 20. f4 Rfd8
21. Rhd1 Kf7 22. a3 Rxd7 23. Rxd7 g5 24. fxg5 fxg5 25. Rc7 Ne5 26. Bc8 b5 27. b4
Nc4 28. Ka2 Nd6 29. Bd7 Nxe4 30. f3 Nd2 31. Bxb5 1/2-1/2

[Event "1st Sharjah Masters 2017"]
[Site "Sharjah UAE"]
[Date "2017.03.27"]
[Round "5.9"]
[White "Naiditsch, Arkadij"]
[Black "Karthikeyan, P."]
[Result "1-0"]
[WhiteTitle "GM"]
[BlackTitle "IM"]
[WhiteElo "2702"]
[BlackElo "2507"]
[WhiteFideId "4650891"]
[BlackFideId "5018226"]
[EventDate "2017.03.23"]

1. d4 Nf6 2. Nf3 g6 3. Bf4 Bg7 4. e3 d6 5. Be2 O-O 6. O-O Nbd7 7. c3 b6 8. a4 a6
9. h3 Bb7 10. Na3 c5 11. Bh2 Ra7 12. Qb3 Qa8 13. Rfd1 b5 14. axb5 axb5 15. Bxb5
Bxf3 16. gxf3 Qxf3 17. Bf1 Ne4 18. Qc2 Ng5 19. Bg2 Qh5 20. Kf1 Rb8 21. Nc4 Rc7
22. Nxd6 exd6 23. Bxd6 Rbc8 24. Bxc7 Rxc7 25. d5 Nxh3 26. Ra8+ Nf8 27. Rd2 Ng5
28. Qd1 Qxd1+ 29. Rxd1 Rd7 30. f4 Ne6 31. dxe6 Rxd1+ 32. Ke2 Rg1 33. e7 Rxg2+
34. Kf3 1-0

[Event "1st Sharjah Masters 2017"]
[Site "Sharjah UAE"]
[Date "2017.03.28"]
[Round "6.6"]
[White "Akopian, Vladimir"]
[Black "Maghsoodloo, Parham"]
[Result "1/2-1/2"]
[WhiteTitle "GM"]
[BlackTitle "GM"]
[WhiteElo "2675"]
[BlackElo "2576"]
[WhiteFideId "13300032"]
[BlackFideId "12539929"]
[EventDate "2017.03.23"]

1. e4 Nf6 2. e5 Nd5 3. d4 d6 4. c4 Nb6 5. exd6 exd6 6. Nc3 Nc6 7. d5 Qe7+ 8. Be2
Ne5 9. Be3 Bd7 10. b3 g6 11. Nf3 Bg7 12. Nxe5 Bxe5 13. Qd2 O-O 14. O-O Rfe8 15.
Bd3 Qh4 16. g3 Qh5 17. Rfe1 Re7 18. Rac1 Rae8 19. Ne4 Qf3 20. Ng5 Qf6 21. Bf1
Bf5 22. Nf3 Bb2 23. Bg5 Bxc1 24. Rxc1 Qg7 25. Bxe7 Rxe7 26. Nd4 Qf6 27. Qc3 Re8
28. Nb5 Qxc3 29. Nxc3 Nd7 30. Nb5 a6 31. Nd4 Kg7 32. f3 h5 33. Kf2 Kf6 34. Nxf5
gxf5 35. Rc3 a5 36. Re3 Ne5 37. Be2 Rh8 38. h4 f4 39. gxf4 Ng6 40. Kg3 Rg8 41.
Bd3 Ne7+ 42. Kf2 b6 43. Re1 Rg7 44. a3 Rg8 45. Re3 Rb8 46. Re1 Rg8 47. Rc1 Rg7
48. b4 axb4 49. axb4 Rg8 50. Be4 Ra8 51. c5 bxc5 52. bxc5 Ra5 53. cxd6 cxd6 54.
Rd1 Nf5 55. Bxf5 Kxf5 56. Rd4 1/2-1/2

[Event "1st Sharjah Masters 2017"]
[Site "Sharjah UAE"]
[Date "2017.03.28"]
[Round "6.28"]
[White "AlHuwar, Jasem"]
[Black "Kuybokarov, Temur"]
[Result "1/2-1/2"]
[WhiteTitle "FM"]
[BlackTitle "IM"]
[WhiteElo "2260"]
[BlackElo "2491"]
[WhiteFideId "9300465"]
[BlackFideId "14203049"]
[EventDate "2017.03.23"]

1. Nf3 d5 2. g3 Bg4 3. Bg2 c6 4. O-O Nd7 5. d3 Ngf6 6. c4 e6 7. cxd5 exd5 8. Nc3
Bc5 9. Qb3 Bb6 10. Na4 O-O 11. Nxb6 axb6 12. Qc2 Re8 13. b3 Bxf3 14. Bxf3 Ne5
15. Bg2 d4 16. Bb2 Qd6 17. Qd2 h5 18. Qf4 Rad8 19. Rfe1 b5 20. a3 b6 21. Rad1
Qe6 22. b4 c5 23. bxc5 bxc5 24. Qc1 Qb6 25. e3 dxe3 26. Rxe3 Nfg4 27. Re2 c4 28.
dxc4 bxc4 29. Rxd8 Qxd8 30. Qe1 Qb8 31. h3 Qxb2 32. hxg4 hxg4 33. Rxb2 Nf3+ 34.
Bxf3 Rxe1+ 35. Kg2 gxf3+ 36. Kxf3 Ra1 37. Rc2 Rxa3+ 38. Ke4 Ra4 39. Kd4 Kh7 40.
Rxc4 Rxc4+ 41. Kxc4 Kg6 42. Kd4 Kf5 43. f3 1/2-1/2

[Event "1st Sharjah Masters 2017"]
[Site "Sharjah UAE"]
[Date "2017.03.29"]
[Round "7.10"]
[White "Harika, Dronavalli"]
[Black "Akopian, Vladimir"]
[Result "1/2-1/2"]
[WhiteTitle "GM"]
[BlackTitle "GM"]
[WhiteElo "2539"]
[BlackElo "2675"]
[WhiteFideId "5015197"]
[BlackFideId "13300032"]
[EventDate "2017.03.23"]

1. e4 c5 2. Nf3 e6 3. d4 cxd4 4. Nxd4 a6 5. Be2 Nf6 6. Nc3 Qc7 7. O-O Be7 8. f4
d6 9. Kh1 O-O 10. a4 Nc6 11. Be3 Re8 12. Bf3 Rb8 13. g4 Nxd4 14. Bxd4 e5 15.
fxe5 dxe5 16. Ba7 Ra8 17. g5 Rd8 18. Qe2 Ne8 19. Be3 Be6 20. Qf2 Qc4 21. Nd5
Bxd5 22. exd5 Nd6 23. b3 Qc3 24. Ra2 b5 25. Bg2 f5 26. gxf6 Bxf6 27. Bd2 Qc7 28.
axb5 axb5 29. Rxa8 Rxa8 30. Bb4 Rd8 31. Qe2 e4 32. Bxd6 Qxd6 33. Qxe4 b4 34. Re1
Bc3 35. Qe6+ Qxe6 36. Rxe6 Kf7 37. Rb6 Ke7 38. Re6+ Kf7 39. Be4 Re8 40. Rxe8
Kxe8 41. Bxh7 g5 42. Kg2 Ke7 43. Kf3 Kd6 44. Bg8 Ke5 45. h3 Bb2 46. Ke3 Bd4+ 47.
Kd3 Bc3 48. Kc4 Kd6 49. Bh7 Be1 50. Bd3 Bc3 51. Be2 Be1 52. Kd4 Bc3+ 53. Ke4 Be1
54. Bf3 Bc3 55. Kf5 Bd2 56. Be4 Be3 57. Bg2 1/2-1/2

[Event "1st Sharjah Masters 2017"]
[Site "Sharjah UAE"]
[Date "2017.03.29"]
[Round "7.20"]
[White "Schroeder, Jan-Christian"]
[Black "Rathnakaran, K."]
[Result "1-0"]
[WhiteTitle "GM"]
[BlackTitle "IM"]
[WhiteElo "2543"]
[BlackElo "2383"]
[WhiteFideId "24662259"]
[BlackFideId "5005507"]
[EventDate "2017.03.23"]

1. e4 e6 2. d4 d5 3. Nd2 Nf6 4. e5 Nfd7 5. Bd3 c5 6. c3 Nc6 7. Ne2 cxd4 8. cxd4
f6 9. exf6 Nxf6 10. O-O Bd6 11. Nf3 Qc7 12. h3 O-O 13. Be3 Bd7 14. Re1 Rae8 15.
Nc3 a6 16. Rc1 Qb8 17. Na4 e5 18. dxe5 Nxe5 19. Nxe5 Bxe5 20. Nc5 Bc8 21. Qd2
Kh8 22. Bb1 b6 23. Na4 b5 24. Nc5 Rd8 25. Bd4 Bxd4 26. Qxd4 Rde8 27. b4 Qd6 28.
Rcd1 Re7 29. Bd3 Rfe8 30. Rxe7 Qxe7 31. a3 Qf7 32. Qf4 Qh5 33. Rc1 d4 34. Nb3
Qd5 35. Nxd4 Bb7 36. Bf1 Ne4 37. Nf3 Qa2 38. Ng5 Nxg5 39. Qxg5 h6 40. Qg6 Rf8
41. Bd3 Qg8 42. Rc7 Bd5 43. Qxa6 Bxg2 44. Qxb5 Bxh3 45. Qe5 Re8 46. Re7 Rxe7 47.
Qxe7 Qc8 48. Qe4 Kg8 49. b5 Qd8 50. b6 Qg5+ 51. Kh2 Bd7 52. Bc4+ Kf8 53. Qd5 Qf6
54. Qf7+ Qxf7 55. Bxf7 Bc6 56. Bh5 Ke7 57. a4 Kd6 58. a5 g5 59. Kg3 Bb5 60. Bf3 1-0

[Event "1st Sharjah Masters 2017"]
[Site "Sharjah UAE"]
[Date "2017.03.30"]
[Round "8.28"]
[White "Nihal, Sarin"]
[Black "Kuybokarov, Temur"]
[Result "1/2-1/2"]
[WhiteTitle "FM"]
[BlackTitle "IM"]
[WhiteElo "2386"]
[BlackElo "2491"]
[WhiteFideId "25092340"]
[BlackFideId "14203049"]
[EventDate "2017.03.23"]

1. d4 d5 2. c4 c6 3. cxd5 cxd5 4. Bg5 h6 5. Bh4 Qb6 6. Nc3 e6 7. Qd2 Ne7 8. f3
Nbc6 9. e3 Bd7 10. Bd3 Nc8 11. Nge2 Nd6 12. O-O Be7 13. Bxe7 Nxe7 14. Kh1 O-O
15. b3 a5 16. e4 Rfc8 17. e5 Nb5 18. Na4 Qa7 19. Rad1 Na3 20. Nac3 b5 21. Ng3 b4
22. Nce2 Bb5 23. Bxb5 Nxb5 24. f4 Nc3 25. Rc1 Nxe2 26. Nxe2 Qa6 27. g4 Rxc1 28.
Rxc1 Rc8 29. Kg2 Rxc1 30. Nxc1 Nc6 31. Ne2 a4 32. Qc2 axb3 33. axb3 Qb6 34. Qd3
Qa7 35. f5 Qa2 36. Kf2 Qb2 37. h4 Kf8 38. Qa6 Qc2 39. Qc8+ Ke7 40. Qc7+ Kf8 41.
Qc8+ Ke7 42. f6+ gxf6 43. Qc7+ Kf8 44. exf6 Kg8 45. Qc8+ Kh7 46. Qe8 Qg6 47.
Qxc6 Qxg4 48. Qc2+ Kh8 49. Qc8+ Kh7 50. Qc2+ Kh8 51. Qd3 Qxh4+ 52. Qg3 Qxf6+ 53.
Qf4 Qg6 54. Qb8+ Kg7 55. Qxb4 Qf5+ 56. Ke3 h5 57. Qd6 Qc2 58. Qe5+ Kf8 59. Qxh5
Qxb3+ 60. Kf2 Qd3 61. Qe5 Ke7 62. Nf4 Qe4 63. Qxe4 dxe4 64. Ke3 Kd6 65. Kxe4 f5+
66. Ke3 e5 1/2-1/2

[Event "1st Sharjah Masters 2017"]
[Site "Sharjah UAE"]
[Date "2017.03.31"]
[Round "9.6"]
[White "Mareco, Sandro"]
[Black "Pichot, Alan"]
[Result "1/2-1/2"]
[WhiteTitle "GM"]
[BlackTitle "GM"]
[WhiteElo "2664"]
[BlackElo "2556"]
[WhiteFideId "112275"]
[BlackFideId "110973"]
[EventDate "2017.03.23"]

1. d4 Nf6 2. c4 e6 3. Nc3 Bb4 4. e3 O-O 5. Ne2 c6 6. a3 Ba5 7. Qc2 d5 8. Ng3
Nbd7 9. Be2 e5 10. dxe5 Nxe5 11. cxd5 Nxd5 12. Bd2 Re8 13. O-O Bxc3 14. Bxc3 Qh4
15. Bd4 Ng4 16. Bxg4 Qxg4 17. e4 Nf4 18. f3 Qg5 19. Rfe1 h5 20. Be3 h4 21. Nf1
Qf6 22. h3 Be6 23. Rad1 Red8 24. b4 Rxd1 25. Rxd1 Nxh3+ 26. gxh3 Qxf3 27. Re1
Bxh3 28. Qf2 Qxe4 29. Nd2 Qd5 30. Kh2 Bf5 31. Bf4 h3 32. Re5 Qd7 33. Ne4 Bxe4
34. Rxe4 a5 35. Rd4 Qf5 36. bxa5 Qxa5 37. a4 Re8 38. Qd2 Qa8 39. Bh6 Qb8+ 40.
Kxh3 Qe5 41. Rg4 Qf5 42. Bxg7 Qf3+ 43. Kh4 f5 44. Rf4 Qh1+ 45. Kg3 Qg1+ 46. Kf3
Qf1+ 47. Kg3 Qg1+ 48. Kf3 Qxg7 49. Rxf5 Rf8 50. Rxf8+ Qxf8+ 51. Ke4 Qe7+ 52. Kf5
c5 53. Qd5+ Kf8 54. a5 Qc7 55. Qe5 Qd7+ 56. Kf4 Qc6 57. Qe4 Qf6+ 58. Ke3 Qe7 59.
Kd3 Qd7+ 60. Kc3 Qb5 61. Qf5+ Ke7 62. Qe5+ Kd8 63. Qd6+ Kc8 64. Qf8+ Kc7 65.
Qf4+ 1/2-1/2